000 01600cam a2200325 i 4500
001 a42849352
003 SIRSI
005 20250110175910.0
008 230914t20242024enka b 001 0 eng
010 _a 2023029893
020 _a9781009125024
035 _a(OCoLC)1391095180
040 _aDLC
_beng
_erda
_cDLC
_dYDX
_dOCLCO
_dOCLCF
_dYDX
_dOCLCO
_dUtOrBLW
041 _aeng
042 _apcc
050 0 0 _aJC328.3
_b.D36 2024
100 _aDanewid, Ida
_d1988-
_eauthor
_924521
245 1 0 _aResisting racial capitalism
_b: an antipolitical theory of refusal
_c/ Ida Danewid.
260 _aCambridge ;
_aNew York, NY :
_bCambridge University Press,
_c2024.
300 _ax, 266 pages :
_billustrations ;
_c24 cm.
504 _aIncludes bibliographical references and index.
505 0 _aIntroduction : antipolitical dreamworlds — A most bourgeois ambition — Ode to utopia — War on dirt — Maps of apartheid — Of plunder and property — It runs in the family — Conclusion : the new society.
520 _aWhat does freedom mean without, and despite, the state? Focusing on the relation between state violence and racial capitalism, this book excavates an antipolitical worldmaking project which seeks not just better ways of being governed, but an end to governance in its entirety.
650 0 _aGovernment, Resistance to
_924522
650 0 _aCapitalism
_xPolitical aspects
_924523
650 0 _aRace discrimination
_xEconomic aspects
_924524
650 0 _aPolitical violence
_0http://id.loc.gov/authorities/subjects/sh95005727
_924525
650 0 _aTerrorism
_914281
942 _2lcc
999 _c4458
_d4458